Представление документа в формате RUSMARC

ПолеНазваниеЗначение
  Тип записи a
  Библиографический уровень m
001 Контрольный номер RU\bookru\bibl\915914
003 Постоянный идентификатор записи http://www.book.ru/book/915914
005 Дата корректировки 20161026112403.3
010 Индекс ISBN __
a ISBN 978-5-406-03949-6
100 Данные общей обработки 0_
a Данные общей обработки 20141013d2015 mk y0rusy50 ca
101 Язык документа 0_
a Язык текста Русский
102 Страна публикации __
a Страна публикации RU
105 Кодированные данные (монография) __
a Кодированные данные (монография) y ||||000yy
200 Заглавие и сведения об ответственности 1_
a Заглавие Управленческие решения
210 Выходные данные __
a Место издания Москва
c Издательство КноРус
d Дата издания 2015
215 Физическое описание __
a Объем 244
330 Аннотация __
a Аннотация Раскрываются теоретические и методические основы разработки, принятия и реализации управленческих решений в современных организациях. В системном виде представлены методология, организация и технология процесса принятия управленческих решений. Особое внимание уделено проектированию процесса управления и экономическому обоснованию решений с примерами из реальной деятельности предприятий. Включает контрольные вопросы, тесты и задания для самостоятельной работы студентов. Для студентов, обучающихся по специальности «Менеджмент организации», преподавателей, руководителей организаций и специалистов в области управления.
606 Тематические рубрики __
a Основная рубрика Менеджмент
2 Код системы local
608 Указатель предметных рубрик __
a Жанр/форма Учебник
2 Код системы local
675 Индекс УДК __
a Индекс УДК 65.0(075.8)
z Язык издания rus
686 Индексы других классификаций __
a Классификационный индекс 65.291.21я73
2 Код системы rubbk
700 Автор _1
a Фамилия Лифшиц А.С.
801 Источник записи _1
a Страна RU
b Организация book_ru
c Дата составления 20141013
g Правила каталогизации RCR
856 Электронный адрес документа 4_
u Универсальный указатель ресурса (URL) http://www.book.ru/book/915914
951 __
a http://www.book.ru/book/915914